| 000 | 02285nam a22002297i 4500 | ||
|---|---|---|---|
| 999 |
_c23176 _d23176 |
||
| 003 | AR-CdUCM | ||
| 008 | 250121b20202020 pe||||| |||| 00| 0 spa d | ||
| 040 |
_aMUNICIPALIDAD PROVINCIAL DEL CUSCO _cBIBLIOTECA MUNICIPAL DEL CUSCO |
||
| 041 | _hspa | ||
| 082 |
_a985.61 / E49 _bE49 |
||
| 100 |
_a _950933 |
||
| 110 |
_aEmpresa Municipal de Festejos del Cusco- EMUFEC _950934 |
||
| 245 | _a75 Años del Inti Rayni y las Fiestas del Cusco / | ||
| 260 |
_aCusco : _bDanny's Graff _c2020 |
||
| 300 |
_a154 páginas. : _c25x31 cm. |
||
| 505 | _aLa fiesta del Inti Raymi, por Cristóbal de Molina "El Cusqueño" -- Fiesta del Sol, por Miguel de Estete -- Comentarios Reales de los Incas, por Garcilaso de la Vega -- Hatun Inti Raymi, por Felipe Guamán Poma -- La gran fiesta del Raymi, por Luis A. Pardo | ||
| 650 |
_aInti Raymi _99522 |
||
| 650 |
_aFiesta del Sol _950935 |
||
| 650 |
_aSemana del Cusco _947138 |
||
| 942 |
_2ddc _cLIBROS |
||
| 945 |
_apbjr _d21-01-2025 |
||